Communication networks : (Record no. 182646)

000 -LEADER
fixed length control field 01277 a2200241 4500
003 - CONTROL NUMBER IDENTIFIER
control field Nust
005 - DATE AND TIME OF LATEST TRANSACTION
control field 20221212181739.0
010 ## - LIBRARY OF CONGRESS CONTROL NUMBER
LC control number 99052271
020 ## - INTERNATIONAL STANDARD BOOK NUMBER
International Standard Book Number 0070228396 (alk. paper)
040 ## - CATALOGING SOURCE
Transcribing agency Nust
082 00 - DEWEY DECIMAL CLASSIFICATION NUMBER
Classification number 621.3821,LEO
100 1# - MAIN ENTRY--PERSONAL NAME
Personal name Leon-Garcia, Alberto.
9 (RLIN) 69592
245 10 - TITLE STATEMENT
Title Communication networks :
Remainder of title fundamental concepts and key architectures /
Statement of responsibility, etc. Albert Leon-Garcia, Indra Widjaja.
260 ## - PUBLICATION, DISTRIBUTION, ETC.
Place of publication, distribution, etc. Boston :
Name of publisher, distributor, etc. McGraw-Hill,
Date of publication, distribution, etc. c2000.
300 ## - PHYSICAL DESCRIPTION
Extent xxiii, 867 p. :
Other physical details ill. ;
Dimensions 24 cm.
440 #0 - SERIES STATEMENT/ADDED ENTRY--TITLE
Title McGraw-Hill series in computer science
9 (RLIN) 55540
505 ## - FORMATTED CONTENTS NOTE
Formatted contents note Communication Networks and Services (Page -1), Applications and Layered Architectures (Page -43), Digital Transmission Fundamentals (Page -95), Transmission Systems and the Telephone Networks (Page -192), Peer to Peer Protocols (Page -262), Local Area Networks and Medium Access Control Protocols (Page -339), TCP /IP (Page -544), ATM Networks (Page -627), Advanced Network Architectures (Page -675), Security Protocols (Page -716), Multimedia Information and Networking (Page -752), Epilogue (Page -812).
650 #0 - SUBJECT ADDED ENTRY--TOPICAL TERM
Topical term or geographic name entry element Computer network architectures.
650 #0 - SUBJECT ADDED ENTRY--TOPICAL TERM
Topical term or geographic name entry element Computer networks.
9 (RLIN) 3677
650 #0 - SUBJECT ADDED ENTRY--TOPICAL TERM
Topical term or geographic name entry element Telecommunication Engineering
700 1# - ADDED ENTRY--PERSONAL NAME
Personal name Widjaja, Indra,
Dates associated with a name 1960-
9 (RLIN) 104673
942 ## - ADDED ENTRY ELEMENTS (KOHA)
Source of classification or shelving scheme
Koha item type Book
Holdings
Withdrawn status Lost status Source of classification or shelving scheme Damaged status Not for loan Permanent Location Current Location Shelving location Date acquired Total Checkouts Full call number Barcode Date last seen Date last checked out Price effective from Koha item type Public note
          Military College of Signals (MCS) Military College of Signals (MCS) General Stacks 12/12/2016 1 621.3821,LEO MCS28176 02/25/2026 02/22/2024 12/12/2016 Book Almirah No.36, Shelf No.2
          Military College of Signals (MCS) Military College of Signals (MCS) General Stacks 12/12/2016   621.3821,LEO MCS30960 12/08/2016   12/12/2016 Book Almirah No.36, Shelf No.2
          Military College of Signals (MCS) Military College of Signals (MCS) General Stacks 12/12/2016   621.3821,LEO MCS30961 12/08/2016   12/12/2016 Book Almirah No.36, Shelf No.2
          Military College of Signals (MCS) Military College of Signals (MCS) General Stacks 12/12/2016   621.3821,LEO MCS30962 12/08/2016   12/12/2016 Book Almirah No.36, Shelf No.2
          Military College of Signals (MCS) Military College of Signals (MCS) General Stacks 12/12/2016   621.3821,LEO MCS30963 12/08/2016   12/12/2016 Book Almirah No.71, Shelf No.4
          Military College of Signals (MCS) Military College of Signals (MCS) General Stacks 12/12/2016   621.3821,LEO MCS30964 12/08/2016   12/12/2016 Book Almirha No 83, Shelf No 3
© 2023 Central Library, National University of Sciences and Technology. All Rights Reserved.